000 00684nam a2200193Ia 4500
003 GCL
008 140319s9999 xx 000 0 ara d
020 _a7427201977
040 _aGCL /
_cGCL
082 0 4 _a813.009
_bع ق
100 1 _aعبدالرحمن ابوعوف
245 1 0 _aقراءة فى الرواية العربية المعاصرة /
_cعبدالرحمن ابوعوف
260 _aالقاهرة :
_bالهيئة المصرية العامة للكتاب ،
_c1995
300 _a171 ص ؛
_c24 سم
650 0 4 _aالادب العربى
650 0 4 _aالرواية العربية
650 0 4 _aالرواية العربية - تاريخ ونقد
942 _2ddc
_cBK
999 _c3110
_d3110